000 00943cam a2200229 4500
001 WB3721-09
008 000000n2001 000 0 eng u
035 _a(Sirsi) u112844
245 _aHouse prices debate
260 _c2001
490 _aFinancial Times
_v 29 May 2001, 2
490 _aBuilding
_v266 (8186) 25 May 2001, 20(2)
520 _aResearch from Cambridge Econometrics suggests that low mortgage rates will do nothing to stop house prices in London falling to more sustainable levels. These findings are rejected by housebuilders and the City. They argue that consumer confidence in the economy is too strong for this to happen with houses generally seen as affordable.
590 _aWB
650 _aHOUSE PRICES
650 _aMORTGAGE RATES
650 _aINCOMES
650 _aCAMBRIDGE ECONOMETRICS
650 _aINTEREST RATES
690 _aPROPERTY-RESIDENTIAL PROPERTY-RESIDENTIAL PROPERTY MARKET
942 _n0
999 _c67173
_d67173